[Event "FBL O"]
[Site "Deutschland"]
[Date "2009.12.06"]
[Round "4.3"]
[White "Wagner Michel, Annett"]
[Black "Demidowicz, Maria"]
[Result "1/2-1/2"]
[WhiteElo "2122"]
[BlackElo "2082"]
[PlyCount "99"]
[EventDate "2009.11.07"]
[EventType "team"]
[EventCountry "GER"]
[WhiteTeam "SC Rotation Pankow"]
[BlackTeam "SV Guben 1990"]

1. e4 c5 2. Nf3 d6 3. Bb5+ Nd7 4. O-O Ngf6 5. Re1 a6 6. Bxd7+ Nxd7 7. d4 cxd4
8. Qxd4 e5 9. Qd1 Be7 10. c4 O-O 11. Nc3 h6 12. Nd5 Nb6 13. Nxe7+ Qxe7 14. b3
Be6 15. Ba3 Rad8 16. Nxe5 Qf6 17. Nd3 Rfe8 18. Qc2 Bc8 19. Rad1 Nd7 20. f4 Qg6
21. Nf2 Nc5 22. f5 Qg5 23. b4 Nd7 24. Bc1 Qe7 25. Ng4 Nf6 26. Nxf6+ Qxf6 27. a4
Qe7 28. Qf2 f6 29. Qg3 Kh8 30. Bf4 Qf7 31. Rd4 Bd7 32. b5 Rc8 33. Bxd6 Rxc4 34.
Rxc4 Qxc4 35. e5 Qd4+ 36. Qf2 fxe5 37. Bxe5 Qxf2+ 38. Kxf2 axb5 39. axb5 Bxb5
40. g4 Kg8 41. Kg3 Rd8 42. Kf4 Rd2 43. h4 Re2 44. Rxe2 Bxe2 45. g5 hxg5+ 46.
hxg5 b5 47. Bc3 Kf7 48. g6+ Kg8 49. Kg5 Bc4 50. f6 1/2-1/2

[Event "FBL O"]
[Site "Deutschland"]
[Date "2009.12.06"]
[Round "4.4"]
[White "Sikorska, Dorota"]
[Black "Schulz, Stefanie"]
[Result "1/2-1/2"]
[WhiteElo "1939"]
[BlackElo "2109"]
[PlyCount "118"]
[EventDate "2009.11.07"]
[EventType "team"]
[EventCountry "GER"]
[WhiteTeam "SV Guben 1990"]
[BlackTeam "SC Rotation Pankow"]

1. e4 c5 2. Nc3 Nc6 3. g3 g6 4. Bg2 Bg7 5. d3 d6 6. Be3 e5 7. Qd2 a6 8. a4 Rb8
9. Nge2 Nd4 10. O-O h6 11. f4 Ne7 12. fxe5 dxe5 13. Nd5 Nxd5 14. exd5 Qc7 15.
Rae1 Nf5 16. Bf2 O-O 17. g4 Nd6 18. g5 hxg5 19. Qxg5 b5 20. axb5 axb5 21. Nc3
b4 22. Ne4 Nxe4 23. dxe4 Ba6 24. Re3 Bxf1 25. Bxf1 Qd8 26. Qg4 Qd6 27. Bc4 Bh6
28. Rh3 Kg7 29. Bh4 Rh8 30. Rf3 Bf4 31. Bg3 Bxg3 32. Qxg3 Rh5 33. Qf2 Rf8 34.
b3 f5 35. exf5 Rhxf5 36. Rxf5 gxf5 37. Kf1 Rh8 38. Qg3+ Kf6 39. h4 Rh6 40. Qg5+
Kf7 41. Ke2 Rf6 42. Qh5+ Ke7 43. Qh7+ Rf7 44. Qg8 e4 45. Qg5+ Kf8 46. h5 f4 47.
h6 Qf6 48. h7 f3+ 49. Kd1 Qa1+ 50. Kd2 Qd4+ 51. Kc1 Rxh7 52. Qd8+ Kf7 53. Qd7+
Kg6 54. Qg4+ Kf6 55. Qf4+ Kg6 56. Qg4+ Kh6 57. Qh4+ Kg7 58. Qg5+ Kh8 59. Qd8+
Kg7 1/2-1/2

[Event "FBL O"]
[Site "Deutschland"]
[Date "2009.12.06"]
[Round "4.5"]
[White "Goehler, Antje"]
[Black "Szewczuk, Mariola"]
[Result "1-0"]
[WhiteElo "2144"]
[BlackElo "1917"]
[PlyCount "51"]
[EventDate "2009.11.07"]
[EventType "team"]
[EventCountry "GER"]
[WhiteTeam "SC Rotation Pankow"]
[BlackTeam "SV Guben 1990"]

1. d4 g6 2. c4 Bg7 3. Nc3 e6 4. e4 b6 5. Nf3 d6 6. Bg5 Ne7 7. Qd2 h5 8. Be2 Bb7
9. O-O Nd7 10. Rfd1 f6 11. Be3 h4 12. h3 Ng8 13. c5 a6 14. cxd6 cxd6 15. e5 d5
16. exf6 Ngxf6 17. Bg5 Nf8 18. Nxh4 Qd7 19. Bd3 Ne4 20. Bxe4 dxe4 21. Qf4 Qc6
22. d5 exd5 23. Nxd5 Ne6 24. Qxe4 Qd7 25. Nc7+ Qxc7 26. Qxe6+ 1-0

[Event "FBL O"]
[Site "Deutschland"]
[Date "2009.12.06"]
[Round "4.6"]
[White "Schott, Peggy"]
[Black "Wolf, Sylvia"]
[Result "1/2-1/2"]
[WhiteElo "1804"]
[BlackElo "2066"]
[PlyCount "86"]
[EventDate "2009.11.07"]
[EventType "team"]
[EventCountry "GER"]
[WhiteTeam "SV Guben 1990"]
[BlackTeam "SC Rotation Pankow"]

1. d4 Nf6 2. c4 c5 3. e3 e6 4. Nf3 d5 5. Nc3 cxd4 6. exd4 dxc4 7. Bxc4 Qc7 8.
Bb5+ Bd7 9. Bxd7+ Nbxd7 10. Qa4 Be7 11. Ne5 O-O 12. Nb5 Qd8 13. Nxd7 Qxd7 14.
O-O Rfd8 15. Be3 a6 16. Nc3 b5 17. Qd1 Rac8 18. a3 h6 19. Qe2 Qb7 20. Rfd1 Rd7
21. h3 Bd8 22. Rd3 Bb6 23. Rad1 Rcd8 24. R1d2 Kf8 25. Qd1 Ba7 26. Kf1 Qc7 27.
Kg1 Bb8 28. g3 Qb7 29. f4 Ba7 30. Kf2 Ne4+ 31. Nxe4 Qxe4 32. Qf3 Qd5 33. Qxd5
Rxd5 34. Kf3 Ke7 35. g4 f6 36. Ke4 g5 37. Rd1 Bb8 38. fxg5 hxg5 39. R3d2 f5+
40. gxf5 exf5+ 41. Kf3 Kf6 42. Rg1 f4 43. Bf2 Kf5 1/2-1/2

[Event "FBL O"]
[Site "Deutschland"]
[Date "2009.12.06"]
[Round "4.1"]
[White "Von Herman, Brigitte"]
[Black "Busse, Nadine"]
[Result "1/2-1/2"]
[WhiteElo "2108"]
[BlackElo "1976"]
[PlyCount "57"]
[EventDate "2009.11.07"]
[EventType "team"]
[EventCountry "GER"]
[WhiteTeam "USV Potsdam"]
[BlackTeam "SV Glück auf Rüdersdorf"]

1. e4 c5 2. c3 d5 3. exd5 Qxd5 4. d4 Nf6 5. Nf3 Bg4 6. dxc5 Qxc5 7. Be3 Qd5 8.
Be2 Qxd1+ 9. Bxd1 Nc6 10. h3 Bd7 11. O-O e6 12. c4 Bd6 13. Nc3 Na5 14. c5 Be7
15. Be2 a6 16. Rab1 Nc6 17. b4 Rc8 18. Rfd1 O-O 19. g4 h6 20. Bf4 Rfd8 21. a3
Na7 22. Ne5 a5 23. Bf3 axb4 24. axb4 Bc6 25. Rxd8+ Bxd8 26. Bxc6 Nxc6 27. Nc4
Be7 28. Nb6 Rd8 29. Be3 1/2-1/2

[Event "FBL O"]
[Site "Deutschland"]
[Date "2009.12.06"]
[Round "4.2"]
[White "Kind, Veronika"]
[Black "Nuenchert, Eveline"]
[Result "1/2-1/2"]
[WhiteElo "1969"]
[BlackElo "2114"]
[PlyCount "87"]
[EventDate "2009.11.07"]
[EventType "team"]
[EventCountry "GER"]
[WhiteTeam "SV Glück auf Rüdersdorf"]
[BlackTeam "USV Potsdam"]

1. e4 c5 2. Nf3 e6 3. d4 cxd4 4. Nxd4 a6 5. Nc3 Qc7 6. Bd3 Nf6 7. O-O d6 8. Be3
Nbd7 9. Kh1 g6 10. f4 Bg7 11. Nf3 O-O 12. h3 b5 13. a3 Bb7 14. f5 Nc5 15. fxg6
hxg6 16. Ng5 d5 17. exd5 Nxd5 18. Nxd5 Bxd5 19. Qe1 f6 20. Nf3 Ne4 21. Bxe4
Bxe4 22. Bd4 Qc6 23. c3 Rad8 24. Qg3 e5 25. Be3 Rd3 26. Rae1 Rfd8 27. Nh4 Kh7
28. Nf3 Bxf3 29. Rxf3 f5 30. Qh4+ Kg8 31. Bg5 R8d7 32. Rf2 e4 33. Qf4 Qc8 34.
Rfe2 Qe8 35. Re3 Be5 36. Qf1 Rxe3 37. Rxe3 Bc7 38. Bf4 Bb6 39. Re1 Qd8 40. a4
Rd3 41. axb5 axb5 42. Qe2 Bc5 43. Ra1 g5 44. Qh5 1/2-1/2

[Event "FBL O"]
[Site "Deutschland"]
[Date "2009.12.06"]
[Round "4.3"]
[White "Penne, Bo"]
[Black "Pachow, Steffi"]
[Result "1/2-1/2"]
[WhiteElo "1990"]
[BlackElo "2003"]
[PlyCount "113"]
[EventDate "2009.11.07"]
[EventType "team"]
[EventCountry "GER"]
[WhiteTeam "USV Potsdam"]
[BlackTeam "SV Glück auf Rüdersdorf"]

1. e4 c5 2. Nf3 Nc6 3. d4 cxd4 4. Nxd4 e5 5. Nb5 d6 6. N1c3 a6 7. Na3 b5 8. Nd5
Nce7 9. Nxe7 Bxe7 10. Bd3 Nf6 11. O-O O-O 12. Bg5 h6 13. Bd2 Bg4 14. Qe1 Bd7
15. c4 Qb6 16. cxb5 axb5 17. Be3 Qb7 18. f3 d5 19. exd5 Nxd5 20. Bc1 f5 21. Nc2
Bf6 22. Nb4 Ra4 23. Nxd5 Qxd5 24. Qe2 Rc8 25. Kh1 Kh8 26. Rd1 Qc6 27. b3 e4 28.
fxe4 fxe4 29. Bxb5 Qxb5 30. Qxb5 Bxb5 31. bxa4 Bxa4 32. Be3 Bxd1 33. Rxd1 Rc2
34. a3 Ra2 35. Bc5 Bb2 36. Kg1 Bxa3 37. Bxa3 Rxa3 38. Re1 Ra4 39. Kf2 g5 40.
Kg3 Kg7 41. h4 Kg6 42. hxg5 Kxg5 43. Rb1 Ra3+ 44. Kf2 Kf4 45. Rb2 h5 46. Re2 h4
47. Rb2 h3 48. gxh3 Rxh3 49. Rb8 Rh2+ 50. Ke1 Kf3 51. Rf8+ Ke3 52. Kf1 Rh4 53.
Ra8 Rf4+ 54. Ke1 Rh4 55. Ra3+ Kf4 56. Kf2 e3+ 57. Rxe3 1/2-1/2

[Event "FBL O"]
[Site "Deutschland"]
[Date "2009.12.06"]
[Round "4.4"]
[White "Goering, Carsta"]
[Black "Bade, Heidrun"]
[Result "1/2-1/2"]
[WhiteElo "1705"]
[BlackElo "1932"]
[PlyCount "47"]
[EventDate "2009.11.07"]
[EventType "team"]
[EventCountry "GER"]
[WhiteTeam "SV Glück auf Rüdersdorf"]
[BlackTeam "USV Potsdam"]

1. e4 e5 2. Nf3 Nc6 3. d4 exd4 4. Nxd4 Bc5 5. Nb3 Bb6 6. a4 a6 7. Nc3 d6 8. Be2
Nf6 9. O-O h6 10. Bf4 Be6 11. Nd5 Ba7 12. Bf3 O-O 13. Qd2 Ne5 14. Bxe5 dxe5 15.
Nxf6+ Qxf6 16. Qc3 Bxb3 17. Qxb3 Qb6 18. Qxb6 Bxb6 19. Rad1 Rad8 20. Rxd8 Rxd8
21. Rd1 Rxd1+ 22. Bxd1 Bc5 23. Bg4 a5 24. Bc8 1/2-1/2

[Event "FBL O"]
[Site "Deutschland"]
[Date "2010.01.17"]
[Round "5.1"]
[White "Gasch, Franziska"]
[Black "Levushkina, Elena"]
[Result "0-1"]
[WhiteElo "1979"]
[BlackElo "2307"]
[PlyCount "70"]
[EventDate "2009.11.07"]
[EventType "team"]
[EventCountry "GER"]
[WhiteTeam "SC Leipzig-Lindenau"]
[BlackTeam "BSV Weißblau Allianz Leipzig"]

1. e4 c5 2. Nc3 a6 3. a4 Nc6 4. Bc4 e6 5. f4 Nf6 6. d3 d5 7. Ba2 dxe4 8. Nxe4
Nxe4 9. dxe4 Qxd1+ 10. Kxd1 b5 11. Nf3 Bb7 12. c3 Na5 13. Re1 b4 14. Kc2 Rb8
15. b3 Be7 16. Bd2 O-O 17. Rad1 Rfd8 18. Ne5 f6 19. Nd3 Bc6 20. cxb4 cxb4 21.
Nb2 Rd4 22. Re3 Bxe4+ 23. Kc1 Rc8+ 24. Nc4 Bd5 25. Kb2 Bxc4 26. bxc4 Rcd8 27.
Kc2 Nxc4 28. Bxc4 Rxc4+ 29. Kb3 Rcd4 30. Rxe6 Rd3+ 31. Kc2 b3+ 32. Kb1 Ba3 33.
Re2 a5 34. Rf2 Bb4 35. Kc1 b2+ 0-1

[Event "FBL O"]
[Site "Deutschland"]
[Date "2010.01.17"]
[Round "5.2"]
[White "Gavrilova, Anastasia"]
[Black "Daemering, Katrin"]
[Result "0-1"]
[WhiteElo "2115"]
[BlackElo "2050"]
[PlyCount "84"]
[EventDate "2009.11.07"]
[EventType "team"]
[EventCountry "GER"]
[WhiteTeam "BSV Weißblau Allianz Leipzig"]
[BlackTeam "SC Leipzig-Lindenau"]

1. c4 Nf6 2. Nc3 g6 3. g3 Bg7 4. Bg2 e5 5. e4 O-O 6. Nge2 Nc6 7. O-O d6 8. d3
Be6 9. h3 Ne8 10. Be3 f5 11. Kh2 f4 12. gxf4 exf4 13. Bxf4 Rxf4 14. Nxf4 Be5
15. Nce2 Qh4 16. Kg1 Bxf4 17. Nxf4 Qxf4 18. Qc1 Qe5 19. Qe3 Ng7 20. f4 Qd4 21.
Rae1 Re8 22. Kh2 Qxe3 23. Rxe3 Nd4 24. h4 Bg4 25. Ree1 c6 26. e5 dxe5 27. Rxe5
Rxe5 28. fxe5 Bf5 29. Bh3 Kf7 30. Kg3 Ke6 31. Bxf5+ Ndxf5+ 32. Kf4 Nh5+ 33. Kf3
Kxe5 34. Re1+ Kd4 35. Re8 Nxh4+ 36. Ke2 Nf5 37. Rb8 Nd6 38. Rd8 Ke5 39. Rd7 h6
40. Rh7 Kf6 41. c5 Nf7 42. Kf3 Ng5+ 0-1

[Event "FBL O"]
[Site "Deutschland"]
[Date "2010.01.17"]
[Round "5.3"]
[White "Niesch, Franziska"]
[Black "Schulz, Petra"]
[Result "0-1"]
[WhiteElo "1904"]
[BlackElo "2085"]
[PlyCount "56"]
[EventDate "2009.11.07"]
[EventType "team"]
[EventCountry "GER"]
[WhiteTeam "SC Leipzig-Lindenau"]
[BlackTeam "BSV Weißblau Allianz Leipzig"]

1. d4 Nf6 2. c4 g6 3. Nc3 Bg7 4. e4 d6 5. f4 O-O 6. Nf3 c5 7. d5 b5 8. cxb5 a6
9. bxa6 Qa5 10. Bd2 Bxa6 11. Bxa6 Qxa6 12. Qe2 Nfd7 13. Qxa6 Nxa6 14. Ke2 Rfb8
15. Rab1 Nb6 16. b3 Nb4 17. a4 f5 18. exf5 gxf5 19. Nh4 Rf8 20. Rhe1 N6xd5 21.
Nxd5 Nxd5 22. Kd3 Rf7 23. Re2 Nc7 24. g4 fxg4 25. Rg1 h5 26. h3 gxh3 27. Bc3
Nd5 28. Bxg7 Nxf4+ 0-1

[Event "FBL O"]
[Site "Deutschland"]
[Date "2010.01.17"]
[Round "5.4"]
[White "Just, Anita"]
[Black "Neumeyer, Hannelore"]
[Result "1-0"]
[WhiteElo "1992"]
[BlackElo "2055"]
[PlyCount "75"]
[EventDate "2009.11.07"]
[EventType "team"]
[EventCountry "GER"]
[WhiteTeam "BSV Weißblau Allianz Leipzig"]
[BlackTeam "SC Leipzig-Lindenau"]

1. e4 e5 2. Nf3 f5 3. Nxe5 Qf6 4. Nc4 fxe4 5. Nc3 Qe6 6. Ne3 c6 7. d3 Bb4 8.
Bd2 d5 9. dxe4 d4 10. Nf5 Qf6 11. Ne2 Bxd2+ 12. Qxd2 c5 13. Nfg3 Ne7 14. Nf4
O-O 15. Bc4+ Kh8 16. Nd5 Nxd5 17. Bxd5 Nc6 18. O-O Ne7 19. Bc4 Bd7 20. f4 b5
21. Be2 Rad8 22. Rf2 Qb6 23. Raf1 c4 24. f5 Nc6 25. Qg5 h6 26. Qh4 Ne5 27. f6
Kh7 28. fxg7 Rxf2 29. Rxf2 d3 30. cxd3 cxd3 31. Bd1 Ng6 32. Qf6 Qxf6 33. Rxf6
Kxg7 34. Nh5+ Kh7 35. Rd6 Ne5 36. Rd5 Bg4 37. Nf6+ Kg6 38. Nxg4 1-0

[Event "FBL O"]
[Site "Deutschland"]
[Date "2010.01.17"]
[Round "5.5"]
[White "Koeditz, Katja"]
[Black "Fuchs, Maria"]
[Result "1-0"]
[WhiteElo "1955"]
[BlackElo "1821"]
[PlyCount "97"]
[EventDate "2009.11.07"]
[EventType "team"]
[EventCountry "GER"]
[WhiteTeam "SC Leipzig-Lindenau"]
[BlackTeam "BSV Weißblau Allianz Leipzig"]

1. d4 d5 2. Nf3 e6 3. e3 Nf6 4. Bd3 Nbd7 5. Nbd2 c5 6. c3 b6 7. e4 dxe4 8. Nxe4
Bb7 9. Nxf6+ Qxf6 10. Bg5 Bxf3 11. Qd2 Bxg2 12. Bxf6 Bxh1 13. dxc5 Bc6 14. Bh4
Nxc5 15. Bc2 f6 16. O-O-O Be7 17. Rg1 Kf7 18. Qf4 g6 19. Qh6 Be4 20. Bxe4 Nxe4
21. Qe3 Nc5 22. Re1 Rad8 23. Kb1 Rd3 24. Qe2 Rhd8 25. Kc2 f5 26. Bxe7 Kxe7 27.
f3 R8d6 28. b4 Nd7 29. Qxd3 Rxd3 30. Kxd3 e5 31. Kc4 Kd6 32. Rd1+ Kc6 33. b5+
Kc7 34. Kd5 e4 35. fxe4 Nf6+ 36. Ke6 Nxe4 37. Rd7+ Kb8 38. Rd8+ Kc7 39. Rd7+
Kb8 40. Rg7 Nxc3 41. Rxh7 Ne4 42. Rg7 Ng5+ 43. Kd6 Nf3 44. Rxg6 a5 45. h3 Nd4
46. Kd5 Nc2 47. Rxb6+ Ka7 48. Ra6+ Kb7 49. Ke5 1-0

[Event "FBL O"]
[Site "Deutschland"]
[Date "2010.01.17"]
[Round "5.1"]
[White "Von Herman, Brigitte"]
[Black "Burchardt, Brigitte"]
[Result "1-0"]
[WhiteElo "2108"]
[BlackElo "2209"]
[PlyCount "67"]
[EventDate "2009.11.07"]
[EventType "team"]
[EventCountry "GER"]
[WhiteTeam "USV Potsdam"]
[BlackTeam "SC Rotation Pankow"]

1. e4 c5 2. c3 d5 3. exd5 Qxd5 4. d4 Nf6 5. Nf3 Nc6 6. dxc5 Qxc5 7. Na3 a6 8.
Be3 Qh5 9. Be2 Nd5 10. Bg5 e6 11. h4 Qg4 12. Nc4 Qxg2 13. Rg1 Qh3 14. Rg3 Qh1+
15. Bf1 h6 16. Bd2 b5 17. Ne3 Ne5 18. Nxe5 Qe4 19. Nd3 Bb7 20. Rg4 Qh1 21. Qe2
Nf6 22. Rg3 Qc6 23. Bg2 Qc7 24. Bxb7 Qxb7 25. O-O-O Rc8 26. Kb1 Ne4 27. Rgg1 g6
28. f3 Nxd2+ 29. Rxd2 Be7 30. h5 g5 31. Ng4 Qb6 32. Re1 b4 33. cxb4 Bxb4 34.
Nf6+ 1-0

[Event "FBL O"]
[Site "Deutschland"]
[Date "2010.01.17"]
[Round "5.2"]
[White "Mai, Iris"]
[Black "Tsurtsumia, Natela"]
[Result "1/2-1/2"]
[WhiteElo "2146"]
[BlackElo "2134"]
[PlyCount "41"]
[EventDate "2009.11.07"]
[EventType "team"]
[EventCountry "GER"]
[WhiteTeam "SC Rotation Pankow"]
[BlackTeam "USV Potsdam"]

1. d4 d5 2. c4 e6 3. Nf3 Be7 4. Nc3 Nf6 5. Qc2 O-O 6. Bg5 Nbd7 7. e3 b6 8. cxd5
exd5 9. Be2 Bb7 10. O-O c5 11. dxc5 bxc5 12. Qb3 Qb6 13. Qxb6 axb6 14. Rfd1
Rfd8 15. h3 Nf8 16. Nb5 Ne6 17. Bh4 h6 18. a3 Ra5 19. a4 Bc6 20. b3 g5 21. Bg3
1/2-1/2

[Event "FBL O"]
[Site "Deutschland"]
[Date "2010.01.17"]
[Round "5.3"]
[White "Nuenchert, Eveline"]
[Black "Wagner Michel, Annett"]
[Result "1/2-1/2"]
[WhiteElo "2114"]
[BlackElo "2122"]
[PlyCount "72"]
[EventDate "2009.11.07"]
[EventType "team"]
[EventCountry "GER"]
[WhiteTeam "USV Potsdam"]
[BlackTeam "SC Rotation Pankow"]

1. e4 c5 2. Nf3 Nc6 3. d4 cxd4 4. Nxd4 Nf6 5. Nc3 d6 6. Be3 Ng4 7. Bg5 Qb6 8.
Bb5 Bd7 9. O-O Qxd4 10. Bxc6 Qxd1 11. Bxd7+ Kxd7 12. Raxd1 h6 13. Bc1 e6 14. h3
Ne5 15. f4 Nc6 16. Nb5 Rd8 17. Be3 b6 18. Rd2 a6 19. Nxd6 Bxd6 20. e5 Kc7 21.
exd6+ Kb7 22. c4 Rd7 23. c5 Nb4 24. a3 Nd5 25. Bd4 bxc5 26. Bxc5 Rc8 27. b4 Nc3
28. Re1 g6 29. g4 Rg8 30. Kg2 h5 31. Kf3 hxg4+ 32. hxg4 Nb5 33. Rd3 Rh8 34. Kg2
Rhd8 35. Red1 Kc6 36. Rc1 Kb7 1/2-1/2

[Event "FBL O"]
[Site "Deutschland"]
[Date "2010.01.17"]
[Round "5.4"]
[White "Goehler, Antje"]
[Black "Bade, Heidrun"]
[Result "1-0"]
[WhiteElo "2144"]
[BlackElo "1932"]
[PlyCount "79"]
[EventDate "2009.11.07"]
[EventType "team"]
[EventCountry "GER"]
[WhiteTeam "SC Rotation Pankow"]
[BlackTeam "USV Potsdam"]

1. d4 d5 2. Nf3 Nf6 3. c4 e6 4. Nc3 Be7 5. Bg5 Nbd7 6. e3 h6 7. Bh4 O-O 8. Rc1
Re8 9. Bd3 dxc4 10. Bxc4 Nb6 11. Bb3 Nbd5 12. O-O c6 13. Ne5 Nd7 14. Bxe7 Qxe7
15. Ne4 Nxe5 16. dxe5 Rd8 17. Qg4 Bd7 18. Rfd1 Kh8 19. Nd6 f5 20. exf6 Nxf6 21.
Qg6 Be8 22. Nxe8 Qxe8 23. Qxe8+ Rxe8 24. Rd6 Nd5 25. Rd7 Rab8 26. Rd1 Kg8 27.
Rd4 Kf8 28. Bxd5 cxd5 29. Rf4+ Kg8 30. Rff7 Rec8 31. Rxg7+ Kh8 32. Rh7+ Kg8 33.
Rdg7+ Kf8 34. g4 Rc2 35. h4 Rxb2 36. h5 Rb4 37. Rf7+ Kg8 38. Rfg7+ Kf8 39. Rg6
Re8 40. Rhxh6 1-0

[Event "FBL O"]
[Site "Deutschland"]
[Date "2010.01.17"]
[Round "5.6"]
[White "Jeske, Kirsten"]
[Black "Vollak, Marleen"]
[Result "1-0"]
[WhiteElo "2058"]
[BlackElo "1882"]
[PlyCount "75"]
[EventDate "2009.11.07"]
[EventType "team"]
[EventCountry "GER"]
[WhiteTeam "SC Rotation Pankow"]
[BlackTeam "USV Potsdam"]

1. e4 c5 2. Nf3 e6 3. d4 cxd4 4. Nxd4 a6 5. c4 Nf6 6. Bd3 Be7 7. O-O d6 8. Be3
O-O 9. Nc3 b6 10. f4 Qc7 11. Rc1 Nbd7 12. b4 Re8 13. a3 Bf8 14. h3 Bb7 15. Nf3
Rad8 16. Qe2 Qb8 17. Qf2 Ba8 18. Nd2 Kh8 19. g4 d5 20. cxd5 exd5 21. e5 Ng8 22.
Qh4 g6 23. Bd4 Bg7 24. Nf3 Nf8 25. Bxa6 Bc6 26. Bb5 Bd7 27. Ng5 Nh6 28. Qf2
Bxb5 29. Nxb5 Nd7 30. Rc6 Qa8 31. Qc2 Rc8 32. Rc1 Rxc6 33. Qxc6 Qxc6 34. Rxc6
Rf8 35. Nc3 f5 36. Ne6 Nb8 37. Rxb6 Rc8 38. g5 1-0

[Event "FBL O"]
[Site "Deutschland"]
[Date "2010.01.17"]
[Round "5.1"]
[White "Pflug, Tanja"]
[Black "Stark, Saskia"]
[Result "0-1"]
[WhiteElo "2055"]
[BlackElo "1956"]
[PlyCount "126"]
[EventDate "2009.11.07"]
[EventType "team"]
[EventCountry "GER"]
[WhiteTeam "SV Merseburg"]
[BlackTeam "SG Grün-Weiß Dresden"]

1. f4 d5 2. Nf3 Nf6 3. g3 Bg4 4. Bg2 e6 5. b3 Nbd7 6. Bb2 Bxf3 7. Bxf3 Be7 8.
O-O O-O 9. d3 c5 10. c4 Rb8 11. e4 d4 12. e5 Ne8 13. Qe2 b5 14. Nd2 a6 15. Bg4
Nb6 16. f5 exf5 17. Bxf5 g6 18. Be4 Bg5 19. Bc1 Be3+ 20. Kh1 Qe7 21. Nf3 Bxc1
22. Raxc1 bxc4 23. dxc4 a5 24. Qd2 a4 25. bxa4 Nxa4 26. Qh6 Nb6 27. Rb1 f5 28.
Bd5+ Kh8 29. Ng5 Nc7 30. Bf7 Rxf7 31. Nxf7+ Qxf7 32. a4 Ne6 33. a5 Nd7 34.
Rxb8+ Nxb8 35. Rb1 Qc7 36. Rb6 Qxe5 37. Qd2 Nd7 38. Rb2 Qe4+ 39. Qg2 Qe1+ 40.
Qg1 Qe4+ 41. Qg2 Qe1+ 42. Qg1 Qxa5 43. Rb7 Qa8 44. Qg2 Qa1+ 45. Qg1 Qxg1+ 46.
Kxg1 Nef8 47. Kf2 Kg7 48. Rc7 Kf6 49. Rc8 Ne6 50. Rc6 Ne5 51. Ra6 Nxc4 52. Ra7
h5 53. h4 Ne5 54. Ra6 Ng4+ 55. Ke2 Ke5 56. Kd3 Kd5 57. Ra7 Ne5+ 58. Kd2 c4 59.
Ra5+ Ke4 60. Ra1 Nc5 61. Re1+ Kd5 62. Rb1 Ne4+ 63. Ke1 Nxg3 0-1

[Event "FBL O"]
[Site "Deutschland"]
[Date "2010.01.17"]
[Round "5.2"]
[White "Lorenz, Nicole"]
[Black "Maedel, Katja"]
[Result "1/2-1/2"]
[WhiteElo "1889"]
[BlackElo "1993"]
[PlyCount "89"]
[EventDate "2009.11.07"]
[EventType "team"]
[EventCountry "GER"]
[WhiteTeam "SG Grün-Weiß Dresden"]
[BlackTeam "SV Merseburg"]

1. e4 e5 2. Bc4 Nf6 3. d3 Nc6 4. Nf3 Bc5 5. O-O d6 6. c3 Bg4 7. Nbd2 Qd7 8. h3
Bh5 9. Re1 g5 10. Nb3 Bb6 11. Be3 Bxe3 12. Rxe3 Rg8 13. g4 Bg6 14. Nh2 Nd8 15.
Qf3 Qe7 16. Nd2 Ne6 17. Bxe6 fxe6 18. d4 Nd7 19. Qe2 O-O-O 20. Nc4 exd4 21.
cxd4 Rgf8 22. Rc1 e5 23. d5 Rf7 24. b4 Rdf8 25. f3 h5 26. Nd2 Rh8 27. Rec3 Nf6
28. Qe3 Kb8 29. Rxc7 Qd8 30. R7c3 hxg4 31. hxg4 Rfh7 32. Ndf1 Nd7 33. Rc8+ Qxc8
34. Rxc8+ Rxc8 35. Qxg5 Rg7 36. Qd2 Nb6 37. Ne3 Rgc7 38. Nhf1 Nc4 39. Nxc4 Rxc4
40. Ne3 R4c7 41. Kg2 Rf7 42. Nf1 Rcf8 43. Nh2 Rf6 44. Kg3 Be8 45. Qg5 1/2-1/2

[Event "FBL O"]
[Site "Deutschland"]
[Date "2010.01.17"]
[Round "5.5"]
[White "Schwebbach, Angelika"]
[Black "Flemming, Peggy"]
[Result "0-1"]
[WhiteElo "1859"]
[BlackElo "1643"]
[PlyCount "102"]
[EventDate "2009.11.07"]
[EventType "team"]
[EventCountry "GER"]
[WhiteTeam "SV Merseburg"]
[BlackTeam "SG Grün-Weiß Dresden"]

1. e4 e6 2. d4 d5 3. exd5 exd5 4. Bd3 Nf6 5. Nf3 Bg4 6. c3 c6 7. O-O Be7 8. Be3
Nbd7 9. Nbd2 O-O 10. Rc1 b5 11. Bb1 Qc7 12. Re1 Bd6 13. Bg5 Rfe8 14. h3 Bh5 15.
Bf5 Bf4 16. Bxf4 Qxf4 17. Bxd7 Nxd7 18. Qb3 Re6 19. Rxe6 fxe6 20. Re1 Bf7 21.
Qd1 Re8 22. Ne5 Nxe5 23. Rxe5 Bg6 24. Re3 Be4 25. Nxe4 dxe4 26. Qe1 Qd6 27.
Rxe4 Qd5 28. a3 a5 29. Qe2 Re7 30. Re5 Qb3 31. f4 b4 32. axb4 axb4 33. c4 Qg3
34. Qe4 Ra7 35. Qe1 Qxf4 36. Rxe6 Qxd4+ 37. Kh2 Qf4+ 38. g3 Qxc4 39. Re2 h6 40.
h4 Rf7 41. Qd1 Qd5 42. Rd2 Qf5 43. Qe2 c5 44. b3 Qf3 45. Qc4 Qf5 46. Rd5 Qf2+
47. Kh3 Qf1+ 48. Kg4 h5+ 49. Kxh5 Qf3+ 50. g4 Qf6 51. g5 g6+ 0-1

[Event "FBL O"]
[Site "Deutschland"]
[Date "2010.01.17"]
[Round "5.1"]
[White "Demidowicz, Maria"]
[Black "Busse, Nadine"]
[Result "1-0"]
[WhiteElo "2082"]
[BlackElo "1976"]
[PlyCount "61"]
[EventDate "2009.11.07"]
[EventType "team"]
[EventCountry "GER"]
[WhiteTeam "SV Guben 1990"]
[BlackTeam "SV Glück auf Rüdersdorf"]

1. e4 c5 2. Nf3 e6 3. d4 cxd4 4. Nxd4 a6 5. Bd3 Qc7 6. Be3 Nf6 7. c4 Be7 8. O-O
b6 9. Nc3 d6 10. Rc1 Bb7 11. f4 Nbd7 12. b4 O-O 13. Qe2 Rfd8 14. f5 Nf8 15.
fxe6 fxe6 16. Qf3 Qd7 17. Nde2 Ng6 18. Bxb6 Rdc8 19. Bd4 d5 20. exd5 exd5 21.
Nxd5 Bxd5 22. cxd5 Rxc1 23. Rxc1 Rf8 24. Bf5 Qb5 25. Bc5 Kh8 26. Bxg6 Bxc5+ 27.
bxc5 hxg6 28. Nf4 Re8 29. Nxg6+ Kg8 30. d6 Qb2 31. Qb3+ 1-0

[Event "FBL O"]
[Site "Deutschland"]
[Date "2010.01.17"]
[Round "5.4"]
[White "Goering, Carsta"]
[Black "Sikorska, Dorota"]
[Result "0-1"]
[WhiteElo "1705"]
[BlackElo "1939"]
[PlyCount "56"]
[EventDate "2009.11.07"]
[EventType "team"]
[EventCountry "GER"]
[WhiteTeam "SV Glück auf Rüdersdorf"]
[BlackTeam "SV Guben 1990"]

1. e4 e6 2. Nf3 d5 3. exd5 exd5 4. d4 Bd6 5. Bd3 Ne7 6. O-O Bg4 7. h3 Bh5 8. b3
c6 9. c4 Bg6 10. Ba3 Bxa3 11. Nxa3 O-O 12. Nc2 Nd7 13. Ne3 Nf6 14. Qc2 Bxd3 15.
Qxd3 Ne4 16. Rac1 f5 17. Rfe1 a6 18. Re2 Ng6 19. Rec2 Nf4 20. Qf1 Rf6 21. Nh4
g6 22. g3 Ne6 23. Qd3 h5 24. Qd1 f4 25. Nf1 N6g5 26. Kg2 f3+ 27. Kh2 Qd7 28. g4
hxg4 0-1

[Event "FBL O"]
[Site "Deutschland"]
[Date "2010.01.17"]
[Round "5.5"]
[White "Wisniowska, Klaudia"]
[Black "Walther, Madlen"]
[Result "1-0"]
[WhiteElo "1953"]
[BlackElo "1881"]
[PlyCount "59"]
[EventDate "2009.11.07"]
[EventType "team"]
[EventCountry "GER"]
[WhiteTeam "SV Guben 1990"]
[BlackTeam "SV Glück auf Rüdersdorf"]

1. e4 Nf6 2. e5 Nd5 3. d4 d6 4. c4 Nb6 5. exd6 cxd6 6. Nc3 Nc6 7. Be3 Bf5 8.
Rc1 e6 9. Be2 Be7 10. Nf3 d5 11. c5 Nd7 12. a3 O-O 13. O-O Nf6 14. b4 Ne4 15.
b5 Na5 16. Nxe4 dxe4 17. Ne5 f6 18. Nc4 Bg6 19. d5 exd5 20. Nxa5 Qxa5 21. Qxd5+
Kh8 22. Qxb7 Rfe8 23. c6 f5 24. c7 Rac8 25. Qxa7 Qxa7 26. Bxa7 Bxa3 27. b6 Bxc1
28. Rxc1 Ra8 29. Ba6 Bf7 30. c8=Q 1-0